HIGH COURT CRIMINAL SESSION NO.149 OF 1974 Uganda Vs Sendere s/o Gwembeba (Record no. 7851)

MARC details
000 -LEADER
fixed length control field 00491nam a22001097a 4500
008 - FIXED-LENGTH DATA ELEMENTS--GENERAL INFORMATION
fixed length control field 150715b xxu||||| |||| 00| 0 eng d
010 ## - LIBRARY OF CONGRESS CONTROL NUMBER
Field link and sequence number HCCRS ARF:027
245 ## - TITLE STATEMENT
Title HIGH COURT CRIMINAL SESSION NO.149 OF 1974 Uganda Vs Sendere s/o Gwembeba
260 ## - PUBLICATION, DISTRIBUTION, ETC. (IMPRINT)
Place of publication, distribution, etc High Court Kampala
500 ## - GENERAL NOTE
Materials specified (original criminal Case No.MMA.726 of 1973 in the Chief Magistrate's court of Masaka at Masaka <br/>Before:His Worship E.N.Tagayika, Esq., Grade 11 Mag.)<br/>
500 ## - GENERAL NOTE
Materials specified Before: Hon. Mr. Ag. Justice F.K.Butagira
Holdings
Withdrawn status Lost status Source of classification or shelving scheme Damaged status Koha normalized classification for sorting Not for loan Location (home branch) Sublocation or collection (holding branch) Shelving location Date acquired Koha issues (times borrowed) Koha full call number Piece designation (barcode) Koha date last seen Price effective from Koha item type Public note
    Dewey Decimal Classification   HCCRS_ARF027   Archives Archives Archives 07/15/2015   HCCRS ARF:027 2925/2015 07/15/2015 07/15/2015 Un Reported Cases Judgement was entered on 5th November 1974